| 000 | 00676cab a2200217 4500 | ||
|---|---|---|---|
| 001 | WB3212-03 | ||
| 008 | 090401t1996 xxu||||| |||| 00| 0 eng d | ||
| 035 | _a(Sirsi) u56508 | ||
| 041 | _aeng | ||
| 245 | _aGovt u-turns on warehousing | ||
| 260 | _c1996 | ||
| 350 | _a0 | ||
| 490 |
_aConstruction News _v(6457) 21 March 1996, 1&40(1) |
||
| 520 | _aGovernment concedes that the construction of warehousing and process plant engineering should be covered by the Construction Bill. | ||
| 650 | _aCONSTRUCTION BILL | ||
| 650 | _aPROCESS PLANT INDUSTRY | ||
| 650 | _aWAREHOUSING | ||
| 690 | _aBUILDING AND CONSTRUCTION-REGULATIONS | ||
| 942 | _n0 | ||
| 948 | _c04/03/1997 | ||
| 999 |
_c34466 _d34466 |
||